[Event "Madrid ch 2018 - semifinal"]
[Site "Madrid ESP"]
[Date "2018.05.13"]
[Round "9.3"]
[White "Nuñez Muñoz, Jesus"]
[Black "Rodrigo Yanguas, Maria"]
[Result "1/2-1/2"]
[WhiteElo "2193"]
[BlackElo "2054"]
[PlyCount "72"]
[EventDate "2018.05.05"]
[EventType "swiss"]
[EventRounds "9"]
[EventCountry "ESP"]
[SourceTitle "Ajedrez en Madrid"]
[Source "lmi"]
[SourceDate "2018.05.05"]
[SourceVersion "1"]
[SourceVersionDate "2019.03.14"]
[SourceQuality "1"]

1. e4 c5 2. Nf3 d6 3. d4 cxd4 4. Nxd4 Nf6 5. Nc3 Nc6 6. Bg5 g6 7. Bxf6 exf6 8.
Bc4 Bg7 9. O-O O-O 10. Bd5 Qb6 11. Nde2 f5 12. Rb1 Ne5 13. Qd2 fxe4 14. Nxe4
Bd7 15. b3 Rae8 16. Kh1 Ng4 17. N2g3 Qd8 18. h3 Ne5 19. Rbd1 Kh8 20. Bxb7 f5
21. Nxd6 f4 22. Nxe8 Qxe8 23. Rfe1 fxg3 24. f4 Bh6 25. Rxe5 Qxe5 26. Qxd7 Qxf4
27. Bf3 Bg7 28. Qd2 Qc7 29. c4 Qc5 30. Rf1 g5 31. Qe2 Qa5 32. Rd1 Qc3 33. Rd3
Qa1+ 34. Rd1 Qc3 35. Rd3 Qa1+ 36. Rd1 Qc3 1/2-1/2

[Event "Madrid ch 2018 - semifinal"]
[Site "Madrid ESP"]
[Date "2018.05.13"]
[Round "9.4"]
[White "Mkrtchyan, Levon"]
[Black "Yingrui, Lin"]
[Result "1/2-1/2"]
[WhiteElo "2141"]
[BlackElo "2188"]
[PlyCount "144"]
[EventDate "2018.05.05"]
[EventType "swiss"]
[EventRounds "9"]
[EventCountry "ESP"]
[SourceTitle "Ajedrez en Madrid"]
[Source "lmi"]
[SourceDate "2018.05.05"]
[SourceVersion "1"]
[SourceVersionDate "2019.03.14"]
[SourceQuality "1"]

1. e4 c6 2. d4 d5 3. Nc3 dxe4 4. Nxe4 Bf5 5. Ng3 Bg6 6. h4 h6 7. Nf3 Nd7 8. h5
Bh7 9. Bd3 Bxd3 10. Qxd3 Qc7 11. Bd2 e6 12. O-O-O Ngf6 13. Ne4 O-O-O 14. Nxf6
Nxf6 15. Qe2 Bd6 16. g3 Rhe8 17. c4 Qe7 18. Bc3 Kb8 19. Ne5 Bxe5 20. dxe5 Nd7
21. Qg4 Qc5 22. Qxg7 Qxc4 23. Rh4 Qxa2 24. Rhd4 Kc8 25. Qxf7 Rf8 26. Qe7 Rfe8
27. Qg7 c5 28. Rd6 Qa1+ 29. Kc2 Qa4+ 30. b3 Qb5 31. Qg6 c4 32. bxc4 Qa4+ 33.
Kb2 Re7 34. Qc2 Qxc4 35. Bd4 Qxc2+ 36. Kxc2 b6 37. Be3 Kb7 38. Kb2 Kc7 39. Bxh6
Rh8 40. Bg5 Rf7 41. Bf6 Nxf6 42. exf6 Rxf6 43. f4 Rxh5 44. Rd7+ Kc6 45. Rxa7
Rh2+ 46. Kb3 Rg2 47. Rd3 Rg6 48. Re7 Kc5 49. Rc7+ Kb5 50. Rcc3 Rh6 51. Rc2 Rhh2
52. Rxg2 Rxg2 53. Re3 Ka5 54. Rxe6 Rxg3+ 55. Kb2 Rf3 56. Re4 b5 57. Rd4 b4 58.
Rd8 Rxf4 59. Ra8+ Kb5 60. Rb8+ Kc4 61. Rc8+ Kd3 62. Rd8+ Rd4 63. Rxd4+ Kxd4 64.
Kb3 Kc5 65. Kb2 Kc4 66. Kc2 b3+ 67. Kb2 Kb4 68. Kb1 Kc4 69. Kb2 Kb4 70. Kb1 Kc3
71. Kc1 b2+ 72. Kb1 Kb3 1/2-1/2

[Event "Madrid ch 2018 - semifinal"]
[Site "Madrid ESP"]
[Date "2018.05.13"]
[Round "9.5"]
[White "Perez Gonzalez, Jose Manuel"]
[Black "Gonzalez Rivera, Eduardo"]
[Result "1-0"]
[WhiteElo "2252"]
[BlackElo "2047"]
[PlyCount "59"]
[EventDate "2018.05.05"]
[EventType "swiss"]
[EventRounds "9"]
[EventCountry "ESP"]
[SourceTitle "Ajedrez en Madrid"]
[Source "lmi"]
[SourceDate "2018.05.05"]
[SourceVersion "1"]
[SourceVersionDate "2019.03.14"]
[SourceQuality "1"]

1. e4 e5 2. Nf3 Nc6 3. Bc4 Nf6 4. d4 exd4 5. e5 Ne4 6. Qe2 Nc5 7. O-O Be7 8.
Rd1 O-O 9. Nxd4 Nxd4 10. Rxd4 d6 11. Nc3 Be6 12. Be3 Bxc4 13. Qxc4 Nd7 14. exd6
Bxd6 15. Rad1 Ne5 16. Qe2 Nc6 17. R4d2 Qh4 18. g3 Qb4 19. Nb5 Qe4 20. Nxd6 cxd6
21. Bf4 Qa4 22. b3 Qxa2 23. Bxd6 Rfd8 24. Qb5 Rd7 25. Bf4 Rxd2 26. Rxd2 Re8 27.
Qxb7 Qa1+ 28. Kg2 Qc3 29. Qd7 Ra8 30. Rd6 1-0

[Event "Madrid ch 2018 - semifinal"]
[Site "Madrid ESP"]
[Date "2018.05.13"]
[Round "9.10"]
[White "Andrade Sandoval, Jim Carlos"]
[Black "Baeza Escudero, Javier"]
[Result "1-0"]
[WhiteElo "2032"]
[BlackElo "1913"]
[PlyCount "51"]
[EventDate "2018.05.05"]
[EventType "swiss"]
[EventRounds "9"]
[EventCountry "ESP"]
[SourceTitle "Ajedrez en Madrid"]
[Source "lmi"]
[SourceDate "2018.05.05"]
[SourceVersion "1"]
[SourceVersionDate "2019.03.14"]
[SourceQuality "1"]

1. d4 Nf6 2. Bf4 e6 3. e3 d5 4. Nf3 c5 5. c3 Qb6 6. Qc2 Nc6 7. Nbd2 Bd7 8. Rc1
Rc8 9. Qb1 Ne7 10. Be5 Ng6 11. Bd3 Be7 12. O-O O-O 13. Rfe1 Bc6 14. c4 Rfe8 15.
cxd5 exd5 16. Bxf6 gxf6 17. dxc5 Bxc5 18. Nb3 Bb4 19. Re2 Bb5 20. Bxb5 Rxc1+
21. Qxc1 Qxb5 22. Nfd4 Qd3 23. a3 Bd6 24. Qc2 Qc4 25. Qf5 Nf4 26. exf4 1-0

[Event "Madrid ch 2018 - semifinal"]
[Site "Madrid ESP"]
[Date "2018.05.13"]
[Round "9.11"]
[White "Marcos Herrero, Francisco"]
[Black "Perez Diez, Victor"]
[Result "0-1"]
[WhiteElo "1896"]
[BlackElo "1964"]
[PlyCount "68"]
[EventDate "2018.05.05"]
[EventType "swiss"]
[EventRounds "9"]
[EventCountry "ESP"]
[SourceTitle "Ajedrez en Madrid"]
[Source "lmi"]
[SourceDate "2018.05.05"]
[SourceVersion "1"]
[SourceVersionDate "2019.03.14"]
[SourceQuality "1"]

1. Nf3 f5 2. d4 Nf6 3. g3 g6 4. Bg2 Bg7 5. c4 d6 6. O-O O-O 7. Nc3 c6 8. Re1
Qc7 9. d5 e5 10. e4 Na6 11. a3 fxe4 12. Ng5 Bg4 13. Qc2 cxd5 14. cxd5 Bf5 15.
Be3 Rac8 16. Ngxe4 Nxe4 17. Bxe4 Bxe4 18. Qxe4 Nc5 19. Qc4 a6 20. Rad1 b5 21.
Qa2 e4 22. Bxc5 Qxc5 23. Nxe4 Qb6 24. Re2 Rce8 25. b3 Bd4 26. Kg2 Rxe4 27. Rf1
Ree8 28. f4 Qc5 29. b4 Rxe2+ 30. Qxe2 Qxd5+ 31. Kh3 Rc8 32. Rd1 Qf5+ 33. g4
Rc3+ 34. Kh4 Bf6+ 0-1

[Event "Madrid ch 2018 - semifinal"]
[Site "Madrid ESP"]
[Date "2018.05.13"]
[Round "9.12"]
[White "Santamaria Baeza, Adolfo"]
[Black "Lopez De Turiso, Jose Angel"]
[Result "1/2-1/2"]
[WhiteElo "1901"]
[BlackElo "2022"]
[PlyCount "50"]
[EventDate "2018.05.05"]
[EventType "swiss"]
[EventRounds "9"]
[EventCountry "ESP"]
[SourceTitle "Ajedrez en Madrid"]
[Source "lmi"]
[SourceDate "2018.05.05"]
[SourceVersion "1"]
[SourceVersionDate "2019.03.14"]
[SourceQuality "1"]

1. e4 e5 2. Nf3 f5 3. d4 fxe4 4. Nxe5 Nf6 5. Bg5 d6 6. Nc4 c6 7. Nbd2 d5 8. Ne3
Be6 9. c4 Nbd7 10. cxd5 cxd5 11. Bb5 Be7 12. Qb3 O-O 13. O-O a6 14. Be2 b5 15.
f4 Qb6 16. f5 Bf7 17. Nc2 Ne5 18. Kh1 Nc6 19. Qe3 Rfc8 20. Rac1 a5 21. Nb3 a4
22. Nc5 Bxc5 23. dxc5 Qa5 24. Bxf6 gxf6 25. Qh6 Qc7 1/2-1/2

[Event "Madrid ch 2018 - semifinal"]
[Site "Madrid ESP"]
[Date "2018.05.13"]
[Round "9.13"]
[White "Spitzer Isbert, Ramon"]
[Black "Alvarez Abejon, Amilcar"]
[Result "1/2-1/2"]
[WhiteElo "2019"]
[BlackElo "1951"]
[PlyCount "117"]
[EventDate "2018.05.05"]
[EventType "swiss"]
[EventRounds "9"]
[EventCountry "ESP"]
[SourceTitle "Ajedrez en Madrid"]
[Source "lmi"]
[SourceDate "2018.05.05"]
[SourceVersion "1"]
[SourceVersionDate "2019.03.14"]
[SourceQuality "1"]

1. e4 e6 2. d4 d5 3. Nc3 Bb4 4. e5 Ne7 5. f4 b6 6. Nf3 Qd7 7. Bd2 Bxc3 8. Bxc3
Ba6 9. Bxa6 Nxa6 10. Qd3 Nb8 11. O-O c5 12. f5 Nxf5 13. dxc5 bxc5 14. Ng5 h6
15. Rxf5 hxg5 16. Rxg5 g6 17. Rf1 Rh7 18. Rf6 Nc6 19. Rgxg6 O-O-O 20. Rg5 Rdh8
21. Qb5 Rxh2 22. Rg7 Rh1+ 23. Kf2 R1h7 24. Rxh7 Rxh7 25. Qxc5 Qc7 26. Qf8+ Nd8
27. Rf4 Rh5 28. Qa3 Rf5 29. Qa6+ Qb7 30. Qxb7+ Kxb7 31. Rxf5 exf5 32. Bd4 Ne6
33. Ke3 a6 34. g3 Kc6 35. Kd3 Ng5 36. Ke3 Ne6 37. Ba7 Kb7 38. Bd4 Kc6 39. a4
Kb7 40. b3 Kc6 41. b4 Kb7 42. Bc5 Kc6 43. Be7 Kb6 44. Kd3 Kc6 45. c4 dxc4+ 46.
Kxc4 f4 47. gxf4 Nxf4 48. Bd8 Ne6 49. b5+ axb5+ 50. axb5+ Kb7 51. Ba5 Nf8 52.
Kd5 Ng6 53. Kd6 Nf4 54. Bd2 Ng6 55. Be3 Nh4 56. Bg1 Ng6 57. Bf2 Nf4 58. Ke7 Nd3
59. Bd4 1/2-1/2

[Event "Madrid ch 2018 - semifinal"]
[Site "Madrid ESP"]
[Date "2018.05.13"]
[Round "9.14"]
[White "Fernandez Aransay, Fernando"]
[Black "Cuellar Gutierrez, Raul"]
[Result "1/2-1/2"]
[WhiteElo "1871"]
[BlackElo "1922"]
[PlyCount "83"]
[EventDate "2018.05.05"]
[EventType "swiss"]
[EventRounds "9"]
[EventCountry "ESP"]
[SourceTitle "Ajedrez en Madrid"]
[Source "lmi"]
[SourceDate "2018.05.05"]
[SourceVersion "1"]
[SourceVersionDate "2019.03.14"]
[SourceQuality "1"]

1. e4 e6 2. d4 d5 3. exd5 exd5 4. Nf3 Bd6 5. c4 Nf6 6. Nc3 dxc4 7. Bxc4 c6 8.
O-O O-O 9. Bg5 Bg4 10. Re1 Nbd7 11. h3 Bh5 12. g4 Bg6 13. Ne5 Qc7 14. f4 Bxe5
15. fxe5 Nb6 16. Bb3 Nfd5 17. Qf3 Nxc3 18. bxc3 c5 19. Rac1 c4 20. Bc2 Bxc2 21.
Rxc2 Qd7 22. Rf1 Nd5 23. Bc1 f6 24. Ba3 Rfe8 25. Bd6 Qc6 26. Rcf2 h6 27. exf6
Nxf6 28. Be5 Qxf3 29. Rxf3 Nd7 30. Bxg7 Kxg7 31. Rf7+ Kg6 32. Rxd7 Re3 33. Rc1
Rxh3 34. Kg2 Rd3 35. d5 Re8 36. Rxb7 Re2+ 37. Kf1 Rdd2 38. Re1 Rf2+ 39. Kg1
Rg2+ 40. Kh1 Rh2+ 41. Kg1 Rdg2+ 42. Kf1 1/2-1/2

[Event "Madrid ch 2018 - semifinal"]
[Site "Madrid ESP"]
[Date "2018.05.13"]
[Round "9.15"]
[White "Camarero Izquierdo, Juan Carlos"]
[Black "Carrasco Coquillat, Alvaro"]
[Result "1-0"]
[WhiteElo "1911"]
[BlackElo "1869"]
[PlyCount "114"]
[EventDate "2018.05.05"]
[EventType "swiss"]
[EventRounds "9"]
[EventCountry "ESP"]
[SourceTitle "Ajedrez en Madrid"]
[Source "lmi"]
[SourceDate "2018.05.05"]
[SourceVersion "1"]
[SourceVersionDate "2019.03.14"]
[SourceQuality "1"]

1. d4 Nf6 2. Nc3 d5 3. Bg5 Nbd7 4. f3 h6 5. Bh4 c5 6. e4 dxe4 7. d5 Qb6 8. fxe4
Qxb2 9. Nge2 Qb4 10. Rb1 Qa5 11. Rb5 Qd8 12. Bg3 Nh5 13. Bf2 a6 14. Rb3 b5 15.
Ng3 Nxg3 16. Bxg3 Nb6 17. Bxb5+ axb5 18. Nxb5 e5 19. d6 Rb8 20. Nc7+ Kd7 21.
O-O f6 22. Bf2 Bxd6 23. Nb5 Kc6 24. Qb1 Ba6 25. Rd1 Bxb5 26. Rxb5 Nc4 27. a4
Nb6 28. Qb3 Qc7 29. Rb1 Rhc8 30. a5 Na8 31. Qd5+ Kd7 32. Rb7 Rxb7 33. Rxb7 Rb8
34. Rxc7+ Nxc7 35. Qf7+ Kc6 36. g4 Bf8 37. h4 Ra8 38. Be3 Rd8 39. Qb3 Kd7 40.
a6 Ra8 41. a7 Be7 42. Qb6 Bd6 43. Bxc5 Bxc5+ 44. Qxc5 Kc8 45. Qf8+ Kb7 46. Qxg7
Rxa7 47. Qxf6 Ra1+ 48. Kg2 Ra2 49. Qxe5 Rxc2+ 50. Kf3 Rc1 51. Qg7 Rf1+ 52. Kg2
Rd1 53. Qxh6 Rd4 54. Qe3 Rb4 55. h5 Ne6 56. h6 Rb2+ 57. Kg3 Rb1 1-0

[Event "Madrid ch 2018 - semifinal"]
[Site "Madrid ESP"]
[Date "2018.05.13"]
[Round "9.16"]
[White "Ruiz Quevedo, Andres"]
[Black "Carrasco Coquillat, Jorge"]
[Result "1-0"]
[WhiteElo "1895"]
[BlackElo "1840"]
[PlyCount "113"]
[EventDate "2018.05.05"]
[EventType "swiss"]
[EventRounds "9"]
[EventCountry "ESP"]
[SourceTitle "Ajedrez en Madrid"]
[Source "lmi"]
[SourceDate "2018.05.05"]
[SourceVersion "1"]
[SourceVersionDate "2019.03.14"]
[SourceQuality "1"]

1. e4 c5 2. Nf3 d6 3. d4 cxd4 4. Nxd4 Nf6 5. Nc3 g6 6. Be2 Bg7 7. O-O O-O 8.
Nb3 Nc6 9. Bg5 Bd7 10. Kh1 Rc8 11. f4 a6 12. Bf3 Re8 13. Nd5 Nxd5 14. exd5 Na5
15. Nxa5 Qxa5 16. c3 Qb6 17. Qb3 Qxb3 18. axb3 Rc7 19. Rfe1 e5 20. dxe6 fxe6
21. Rad1 d5 22. Re2 b5 23. b4 Kf7 24. g4 Bf6 25. Bxf6 Kxf6 26. Kg2 Bc6 27. Kg3
Rce7 28. Rde1 Bb7 29. Re5 Bc8 30. h4 Bb7 31. Bd1 Bc8 32. Bc2 Bd7 33. Bd3 Bc8
34. R1e2 Bd7 35. Rh2 Rg7 36. h5 Reg8 37. g5+ Ke7 38. hxg6 hxg6 39. Rh6 Kf7 40.
Re1 Bc6 41. Re2 Bd7 42. Reh2 Be8 43. Kf2 Ke7 44. Ke3 Kd6 45. Kd4 Bf7 46. Rh7
Be8 47. b3 Bc6 48. Rxg7 Rxg7 49. Rh8 Bb7 50. Rf8 Bc6 51. Rf6 Be8 52. c4 bxc4
53. bxc4 Rf7 54. c5+ Kd7 55. Rxf7+ Bxf7 56. Bxa6 Kc6 57. Bd3 1-0

[Event "Madrid ch 2018 - semifinal"]
[Site "Madrid ESP"]
[Date "2018.05.13"]
[Round "9.17"]
[White "Martinez Aragon, Aitor"]
[Black "De Luna Butz, Alberto"]
[Result "1/2-1/2"]
[WhiteElo "1823"]
[BlackElo "1815"]
[PlyCount "26"]
[EventDate "2018.05.05"]
[EventType "swiss"]
[EventRounds "9"]
[EventCountry "ESP"]
[SourceTitle "Ajedrez en Madrid"]
[Source "lmi"]
[SourceDate "2018.05.05"]
[SourceVersion "1"]
[SourceVersionDate "2019.03.14"]
[SourceQuality "1"]

1. b3 d5 2. Bb2 Bf5 3. e3 e6 4. Nf3 Nf6 5. d4 Bd6 6. Be2 O-O 7. O-O h6 8. Nbd2
c5 9. dxc5 Bxc5 10. c4 dxc4 11. Nxc4 Nc6 12. Qxd8 Rfxd8 13. Rfd1 Be7 1/2-1/2

[Event "Madrid ch 2018 - semifinal"]
[Site "Madrid ESP"]
[Date "2018.05.13"]
[Round "9.18"]
[White "Garcia Serrano, Jose Manuel"]
[Black "Vukotic Jovsic, Dragan"]
[Result "1-0"]
[WhiteElo "1961"]
[BlackElo "1958"]
[PlyCount "97"]
[EventDate "2018.05.05"]
[EventType "swiss"]
[EventRounds "9"]
[EventCountry "ESP"]
[SourceTitle "Ajedrez en Madrid"]
[Source "lmi"]
[SourceDate "2018.05.05"]
[SourceVersion "1"]
[SourceVersionDate "2019.03.14"]
[SourceQuality "1"]

1. e4 e6 2. d4 d5 3. Nc3 Bb4 4. e5 c5 5. a3 Bxc3+ 6. bxc3 Qc7 7. Qg4 Ne7 8.
Qxg7 Rg8 9. Qxh7 cxd4 10. Kd1 Nd7 11. Nf3 Nxe5 12. Bg5 Qxc3 13. Bb5+ Bd7 14.
Bxd7+ Nxd7 15. Rb1 f6 16. Bd2 Qc7 17. Nxd4 Nf8 18. Qh5+ Kd7 19. Qf7 a5 20. Re1
Rc8 21. Rb3 e5 22. Rc3 Qd8 23. Rxc8 Kxc8 24. Nf5 Nfg6 25. Qxf6 Nxf5 26. Qxf5+
Kb8 27. Bg5 Qd6 28. Bf6 Rf8 29. Bxe5 Nxe5 30. Qxe5 Qxe5 31. Rxe5 Rxf2 32. Re2
Rf1+ 33. Kd2 Kc7 34. Re3 d4 35. Rf3 Rg1 36. Rf2 Ra1 37. g4 Rxa3 38. g5 d3 39.
g6 dxc2 40. g7 c1=Q+ 41. Kxc1 Ra1+ 42. Kb2 Rg1 43. Rf7+ Kc6 44. h4 Rg2+ 45. Ka1
a4 46. h5 a3 47. h6 b6 48. Ra7 a2 49. Rxa2 1-0

[Event "Madrid ch 2018 - semifinal"]
[Site "Madrid ESP"]
[Date "2018.05.13"]
[Round "9.19"]
[White "Fernandez Garcia, Ignacio"]
[Black "Gortazar Rubial, Javier Maria"]
[Result "0-1"]
[WhiteElo "1804"]
[BlackElo "1610"]
[PlyCount "54"]
[EventDate "2018.05.05"]
[EventType "swiss"]
[EventRounds "9"]
[EventCountry "ESP"]
[SourceTitle "Ajedrez en Madrid"]
[Source "lmi"]
[SourceDate "2018.05.05"]
[SourceVersion "1"]
[SourceVersionDate "2019.03.14"]
[SourceQuality "1"]

1. e4 e5 2. Nf3 Nc6 3. Bc4 Bc5 4. c3 Nf6 5. b4 Be7 6. O-O d6 7. Re1 Nxe4 8.
Bxf7+ Kxf7 9. Rxe4 Bf5 10. Re1 Rf8 11. a4 Qd7 12. d4 e4 13. Ng5+ Kg8 14. Nxe4
Rae8 15. Ng3 Bg6 16. Be3 d5 17. Nd2 Nd8 18. Nf3 Nf7 19. Qb3 Kh8 20. Bf4 h6 21.
Re3 Bd8 22. Be5 c6 23. Rae1 Nxe5 24. Nxe5 Qd6 25. Qd1 Bg5 26. Qg4 Bxe3 27.
Nxg6+ Qxg6 0-1